| 000 | 00567nam a22001577a 4500 | ||
|---|---|---|---|
| 008 | 170425b xxu||||| |||| 00| 0 eng d | ||
| 020 | _a9715501079 | ||
| 082 |
_21993 _aDFil 899.211 _bP19 |
||
| 245 |
_aPanulaang Cebuano: _bkalakip ang orihinal na Cebuano/ _cTranslated by Don Pagusara; Compiled by Erlinda Alburo; Introduction by Resil B. Mojares |
||
| 260 |
_aQuezon City: _bADMU Press, _cc1993. |
||
| 300 |
_axxii, 297 pages; _c18 cm. |
||
| 650 | 0 |
_920245 _aCebuano poetry. |
|
| 700 |
_920246 _aAlburo, Erlinda _eCompiler |
||
| 365 |
_b137.50 _cPhp. |
||
| 942 |
_2ddc _cDFIL |
||
| 999 |
_c6681 _d6681 |
||